000 00622nam a22001697a 4500
003 OSt
005 20221007132212.0
008 221007b |||||||| |||| 00| 0 eng d
040 _aMMSU
_cULS
050 _aSD 397.M25 M36 1996 REF/CASAT
245 _aMangrove ecology : a manual for a field course :
_ba field manual focused on the biocomplexity on mangrove ecosystems /
_cedited by Ilka C. Feller, Marsha Sitnik
260 _aWashington, DC :
_bSmithsonian Institution,
_c1996.
300 _av, 135 pages ;
_c28 cm.
500 _aIncludes bibliographical references.
650 _aMangrove ecology
942 _2lcc
_cBK
999 _c17658
_d17658